00447nam a2200145 a 450000500170000000800410001705000220005810000190008024500850009926000350018444000420021965000180026165000120027965000100029120140414132110.0110513s19uu xx 00 eng d aREF 550bB35 2002 aBerger, Melvin aAre mountains growing taller? :bquestions and answers about the changing earth. aNew York :bScholastic,c2002. aScholastic question and answer series aGeodynamics - aGeology aOcean